|
|
|
|
| LEADER |
01923nam a2200517 i 4500 |
| 001 |
001904166 |
| 003 |
CZ BrMZK |
| 005 |
20240924134434.0 |
| 007 |
ta |
| 008 |
240809s2024 xr a c 000 0 cze |
| 020 |
|
|
|z 978-80-264-5259-1
|q (vázáno)
|
| 040 |
|
|
|a BOA001
|b cze
|e rda
|
| 041 |
1 |
|
|a cze
|h ger
|
| 072 |
|
7 |
|a 630
|x Lesnictví
|2 Konspekt
|9 24
|
| 072 |
|
7 |
|a 0/9-053.2
|x Literatura pro děti a mládež (naučná)
|2 Konspekt
|9 26
|
| 080 |
|
|
|a 630.1
|2 MRF
|
| 080 |
|
|
|a 57.081.1
|2 MRF
|
| 080 |
|
|
|a (093.3)
|2 MRF
|
| 080 |
|
|
|a (059.3)
|2 MRF
|
| 080 |
|
|
|a (0.053.2)
|2 MRF
|
| 100 |
1 |
|
|a Bohlmann, Sabine,
|d 1969-
|7 xx0119868
|4 aut
|
| 240 |
1 |
0 |
|a Mein Waldtagebuch.
|l Česky
|
| 245 |
1 |
0 |
|a Dívka jménem Willow.
|p Můj lesní deník /
|c Sabine Bohlmannová ; z německého originálu Ein Mädchen namens Willow: Mein Waldtagebuch ... přeložila Kristýna Lakomá ; ilustrovala: Simona Ceccarelliová
|
| 246 |
3 |
0 |
|a Můj lesní deník
|
| 250 |
|
|
|a 1. vydání
|
| 264 |
|
1 |
|a V Brně :
|b CPress,
|c 2024
|
| 300 |
|
|
|a 128 nečíslovaných stran :
|b barevné ilustrace ;
|c 22 cm
|
| 336 |
|
|
|a text
|b txt
|2 rdacontent
|
| 337 |
|
|
|a bez média
|b n
|2 rdamedia
|
| 338 |
|
|
|a svazek
|b nc
|2 rdacarrier
|
| 521 |
8 |
|
|a Pro čtenáře od 9 let
|
| 650 |
0 |
7 |
|a lesy
|7 ph115123
|2 czenas
|
| 650 |
0 |
7 |
|a pozorování přírody
|7 ph124478
|2 czenas
|
| 650 |
0 |
9 |
|a forests
|2 eczenas
|
| 650 |
0 |
9 |
|a nature observation
|2 eczenas
|
| 655 |
|
7 |
|a deníky
|7 fd132006
|2 czenas
|
| 655 |
|
7 |
|a zápisníky
|7 fd133889
|2 czenas
|
| 655 |
|
7 |
|a publikace pro děti
|7 fd133156
|2 czenas
|
| 655 |
|
9 |
|a diaries
|2 eczenas
|
| 655 |
|
9 |
|a notebooks
|2 eczenas
|
| 655 |
|
9 |
|a children's literature
|2 eczenas
|
| 700 |
1 |
|
|a Lakomá, Kristýna,
|d 1998-
|7 xx0279193
|4 trl
|
| 700 |
1 |
|
|a Ceccarelli, Simona,
|d 1971-
|7 xx0254358
|4 ill
|
| 910 |
|
|
|a BOA001
|b 2-1526.997
|
| 990 |
|
|
|a BK
|
| 996 |
6 |
|
|b 2610976739
|c 2-1526.997
|l MZK
|r Sklad / do 1 hodiny
|n 0
|p p.v.
|w 001973088
|u 000010
|a 1
|e BOA001
|j MZK50
|s P
|